NHL Hockey Players Who Changed Teams - Statistics

General Stats
  • This quiz has been taken 70 times
  • The average score is 8 of 15
Answer Stats
Year Former Team New Team Player % Correct
2021 Sabres Golden Knights Jack Eichel
90%
2018 Islanders Maple Leafs John Tavares
88%
2023 Blackhawks Rangers Patrick Kane
76%
1988 Oilers Kings Wayne Gretzky / Mike Krushelnyski / Marty McSorely
67%
2016 Oilers Devils Taylor Hall
66%
2013 Bruins Stars Tyler Seguin / Rich Peverley
64%
1995 Canadiens Avalanche Patrick Roy / Mike Keane
60%
1996 Jets Mighty Ducks Teemu Selanne
50%
2001 Penguins Capitals Jaromir Jagr / Frantisek Kucera
41%
2009 Bruins Maple Leafs Phil Kessel
41%
2000 Bruins Avalanche Ray Bourque / Dave Andreychuk
38%
2005 Devils Mighty Ducks Scott Niedermayer
34%
2000 Flames Lightning Martin St. Louis
29%
1992 Blackhawks Sabres Dominik Hasek
24%
2007 Sabres Flyers Daniel Briere
21%
No matching quizzes found
Score Distribution
Percent of People with Each Score
Percentile by Number Answered
Your Score History
You have not taken this quiz